000 00476nam a2200193Ia 4500
005 20250603150015.0
008 250603s9999 xx 000 0 und d
020 _a9781259253751
050 _aQL 805 .K35/
100 _aKardong, Kenneth V.
245 0 _aVertebrates: comparative anatomy, function, evolution
250 _a7th ed.
260 _aNew York
260 _bMcGraw Hill Education
260 _c2015
300 _a795 p
650 _aNew York
942 _cBK
999 _c43492
_d43492